[Event "POL-chT 1st League"]
[Site "Katowice"]
[Date "2010.09.08"]
[Round "5"]
[White "Czyz, Artur"]
[Black "Gritsak, Orest"]
[Result "0-1"]
[WhiteElo "2088"]
[BlackElo "2521"]
[PlyCount "74"]
[EventDate "2010.09.04"]
[EventType "team-tourn"]
[EventRounds "9"]
[EventCountry "POL"]
[SourceTitle "EXT 2019"]
[Source "ChessBase"]
[SourceDate "2018.10.10"]
[SourceVersion "1"]
[SourceVersionDate "2018.10.10"]
[SourceQuality "1"]
[WhiteTeam "Wroclaw AZS Politechnika"]
[BlackTeam "Lublin Drakon SKOK Chmielewskiego"]
[WhiteTeamCountry "POL"]
[BlackTeamCountry "POL"]

1. e4 c5 2. Nf3 d6 3. d4 cxd4 4. Nxd4 Nf6 5. Nc3 e6 6. Be2 Be7 7. Be3 a6 8. a4 Nc6 9. 0-0 0-0 10. f4 Qc7 11. Qe1 d5 12. e5 Nd7 13. Rf3 Bc5 14. Nxc6 Bxe3+ 15. Rxe3 bxc6 16. Rh3 Qd8 17. Bd3 g6 18. Qg3 f5 19. Rh6 Rf7 20. Rxg6+ hxg6 21. Qxg6+ Kf8 22. Qxe6 Nc5 23. Qxc6 Nxd3 24. Nxd5 Bb7 25. Qh6+ Kg8 26. e6 Bxd5 27. exf7+ Kxf7 28. Qh7+ Ke8 29. Qg6+ Kd7 30. Qg7+ Kd6 31. cxd3 Qe8 32. Qe5+ Qxe5 33. fxe5+ Kxe5 34. g3 f4 35. Rc1 Kd4 36. Rc3 fxg3 37. hxg3 Rb8 0-1

[Event "Polanica Zdroj op-A 46th"]
[Site "Polanica Zdroj"]
[Date "2010.08.21"]
[Round "3"]
[White "Czyz, Artur"]
[Black "Piotrowski, Przemyslaw"]
[Result "1/2-1/2"]
[WhiteElo "2061"]
[BlackElo "1875"]
[PlyCount "25"]
[EventDate "2010.08.19"]
[EventType "swiss"]
[EventRounds "10"]
[EventCountry "POL"]
[SourceTitle "CBM 138 Extra"]
[Source "ChessBase"]
[SourceDate "2010.10.29"]
[SourceVersion "1"]
[SourceVersionDate "2010.10.29"]
[SourceQuality "1"]

1. b3 b6 2. Bb2 Bb7 3. Nf3 Nf6 4. e3 g6 5. d4 Bg7 6. Nbd2 e6 7. Bd3 d6 8. 0-0 Nc6 9. c4 0-0 10. Rc1 Re8 11. Bb1 e5 12. Re1 Qe7 13. Qe2 1/2-1/2